Flags of Oceania - Statistics

General Stats
  • This quiz has been taken 945 times
    943 since last reset
  • The average score is 12 of 14
Answer Stats
Picture Answer % Correct
Australia
100%
New Zealand
99%
Fiji
90%
Papua New Guinea
89%
Palau
86%
Tonga
84%
Federated States of Micronesia
83%
Samoa
83%
Kiribati
81%
Tuvalu
81%
Marshall Islands
78%
Vanuatu
77%
Nauru
76%
Solomon Islands
76%
No matching quizzes found
Score Distribution
Percent of People with Each Score
Percentile by Number Answered
Your Score History
You have not taken this quiz since the last reset